[Event "African Games Rapid Open 2019"]
[Site "Casablanca"]
[Date "2019.08.26"]
[Round "2.18"]
[White "Kouya, Tyeoulou Bernardin F"]
[Black "Ebosse, Kingue Victor Patric"]
[Result "0-1"]
[WhiteElo "1770"]
[BlackElo "2055"]
[Annotator "NA"]
[PlyCount "76"]
[EventDate "2019.08.26"]
[EventType "team-tourn"]
[EventCountry "MAR"]
[SourceTitle "playchess.com"]
[Source "ChessBase"]
[SourceQuality "1"]
[TimeControl "900+10"]

1. d4 {[%emt 0:00:00]} Nf6 {[%emt 0:00:00]} 2. Nf3 {[%emt 0:00:00]} g6 {[%emt 0:00:00]} 3. Bg5 {[%emt 0:00:00]} Bg7 {[%emt 0:00:00]} 4. Nbd2 {[%emt 0:00:01]} O-O {[%emt 0:00:04]} 5. c3 {[%emt 0:00:04]} d6 {[%emt 0:00:04]} 6. e4 {[%emt 0:00:06]} Nc6 {[%emt 0:00:03]} 7. Bd3 {[%emt 0:00:03]} e5 {[%emt 0:00:03]} 8. d5 {[%emt 0:00:18]} Ne7 {[%emt 0:00:02]} 9. b4 {[%emt 0:00:44]} Nh5 {[%emt 0:00:37]} 10. c4 {[%emt 0:00:38]} h6 {[%emt 0:00:06]} 11. Bh4 {[%emt 0:00:06]} Nf4 {[%emt 0:00:05]} 12. Bf1 {[%emt 0:00:08]} g5 {[%emt 0:00:07]} 13. Bg3 {[%emt 0:00:05]} Neg6 {[%emt 0:00:04]} 14. h3 {[%emt 0:00:40]} f5 {[%emt 0:00:04]} 15. Qb3 {[%emt 0:00:46]} fxe4 {[%emt 0:00:12]} 16. Nxe4 {[%emt 0:00:02]} Bf5 {[%emt 0:00:05]} 17. Qe3 {[%emt 0:00:38]} Kh8 {[%emt 0:00:45]} 18. Rc1 {[%emt 0:00:59]} b5 {[%emt 0:00:07]} 19. Bxf4 {[%emt 0:01:59]} exf4 {[%emt 0:00:08]} 20. Qd3 {[%emt 0:00:17]} Bxe4 {[%emt 0:00:07]} 21. Qb3 {[%emt 0:00:41]} Re8 {[%emt 0:00:09]} 22. Kd2 {[%emt 0:00:08]} bxc4 {[%emt 0:00:41]} 23. Bxc4 {[%emt 0:00:03]} a5 {[%emt 0:00:08]} 24. b5 {[%emt 0:00:05]} a4 {[%emt 0:00:01]} 25. Qd1 {[%emt 0:00:14]} c6 {[%emt 0:00:26]} 26. Qf1 {[%emt 0:01:09]} Qa5+ {[%emt 0:00:59]} 27. Kd1 {[%emt 0:00:02]} cxb5 {[%emt 0:01:56]} 28. Bxb5 {[%emt 0:00:03]} Rab8 {[%emt 0:01:00]} 29. Bxe8 {[%emt 0:00:19]} Bxf3+ {[%emt 0:00:14]} 30. gxf3 {[%emt 0:00:07]} Qxd5+ {[%emt 0:00:07]} 31. Ke1 {[%emt 0:00:49]} Rxe8+ {[%emt 0:00:57]} 32. Qe2 {[%emt 0:00:01]} Rxe2+ {[%emt 0:00:11]} 33. Kxe2 {[%emt 0:00:02]} Ne5 {[%emt 0:00:11]} 34. Rc8+ {[%emt 0:00:23]} Kh7 {[%emt 0:00:03]} 35. Rhc1 {[%emt 0:00:02]} Qxf3+ {[%emt 0:00:09]} 36. Kf1 {[%emt 0:00:05]} Qxh3+ {[%emt 0:00:04]} 37. Ke2 {[%emt 0:00:06]} Qd3+ {[%emt 0:00:08]} 38. Ke1 {[%emt 0:00:07]} Nf3# 0-1

[Event "African Games Rapid Open 2019"]
[Site "Casablanca"]
[Date "2019.08.26"]
[Round "2.19"]
[White "Sang, Ricky"]
[Black "Kourakoumba, Florent"]
[Result "0-1"]
[WhiteElo "1971"]
[BlackElo "1677"]
[Annotator "NA"]
[PlyCount "202"]
[EventDate "2019.08.26"]
[EventType "team-tourn"]
[EventCountry "MAR"]
[SourceTitle "playchess.com"]
[Source "ChessBase"]
[SourceQuality "1"]
[TimeControl "900+10"]

1. d4 {[%emt 0:00:00]} e6 {[%emt 0:00:00]} 2. Bf4 {[%emt 0:00:00]} Be7 {[%emt 0:00:00]} 3. Nf3 {[%emt 0:00:05]} d6 {[%emt 0:00:02]} 4. e3 {[%emt 0:00:12]} Nf6 {[%emt 0:00:02]} 5. Bd3 {[%emt 0:00:14]} O-O {[%emt 0:00:04]} 6. h3 {[%emt 0:00:08]} Nd5 {[%emt 0:00:08]} 7. Bg3 {[%emt 0:00:05]} f6 {[%emt 0:00:04]} 8. c4 {[%emt 0:00:09]} Nb4 {[%emt 0:00:07]} 9. Be2 {[%emt 0:00:10]} c6 {[%emt 0:00:09]} 10. a3 {[%emt 0:00:05]} N4a6 {[%emt 0:00:01]} 11. O-O {[%emt 0:00:32]} Nd7 {[%emt 0:00:01]} 12. Nc3 {[%emt 0:00:10]} e5 {[%emt 0:00:03]} 13. b4 {[%emt 0:00:20]} Nc7 {[%emt 0:00:13]} 14. Qb3 {[%emt 0:00:16]} Kh8 {[%emt 0:00:04]} 15. Rad1 {[%emt 0:00:13]} Qe8 {[%emt 0:00:13]} 16. Rfe1 {[%emt 0:02:35]} a6 {[%emt 0:00:10]} 17. Bd3 {[%emt 0:00:59]} g6 {[%emt 0:00:15]} 18. a4 {[%emt 0:02:43]} Bd8 {[%emt 0:00:31]} 19. Ne4 {[%emt 0:00:27]} Qe6 {[%emt 0:00:25]} 20. Qc3 {[%emt 0:01:07]} f5 {[%emt 0:00:21]} 21. Neg5 {[%emt 0:00:51]} Bxg5 {[%emt 0:00:16]} 22. Nxg5 {[%emt 0:00:02]} Qf6 {[%emt 0:00:02]} 23. Bh4 {[%emt 0:02:20]} h6 {[%emt 0:00:07]} 24. Nf3 {[%emt 0:00:05]} g5 {[%emt 0:00:08]} 25. dxe5 {[%emt 0:00:34]} dxe5 26. Bg3 e4 {[%emt 0:00:34]} 27. Qxf6+ {[%emt 0:00:36]} Nxf6 {[%emt 0:00:03]} 28. Bxc7 {[%emt 0:00:06]} exf3 {[%emt 0:00:31]} 29. Bf1 {[%emt 0:00:52]} fxg2 {[%emt 0:00:10]} 30. Bxg2 {[%emt 0:00:05]} Rf7 {[%emt 0:00:11]} 31. Be5 {[%emt 0:00:08]} Kh7 {[%emt 0:00:01]} 32. Rd8 {[%emt 0:00:24]} Nd7 {[%emt 0:00:05]} 33. Bc3 {[%emt 0:00:25]} Kg6 {[%emt 0:00:12]} 34. Rd1 {[%emt 0:00:03]} Kh5 {[%emt 0:00:11]} 35. Bf3+ {[%emt 0:00:28]} g4 {[%emt 0:00:02]} 36. Be2 {[%emt 0:00:22]} Nb6 {[%emt 0:00:23]} 37. Rg8 {[%emt 0:00:30]} Be6 {[%emt 0:00:16]} 38. Rxa8 {[%emt 0:00:12]} Nxa8 {[%emt 0:00:01]} 39. Rd6 {[%emt 0:00:05]} Bd7 {[%emt 0:00:07]} 40. Bg7 {[%emt 0:00:11]} Rxg7 {[%emt 0:00:07]} 41. Kh2 {[%emt 0:00:10]} Kg5 {[%emt 0:00:21]} 42. a5 {[%emt 0:00:17]} Nc7 {[%emt 0:00:06]} 43. f4+ {[%emt 0:00:36]} gxf3 44. Bxf3 Ne8 {[%emt 0:00:34]} 45. h4+ {[%emt 0:00:23]} Kxh4 {[%emt 0:00:15]} 46. Rxh6+ {[%emt 0:00:03]} Kg5 {[%emt 0:00:00]} 47. Rh8 {[%emt 0:00:28]} Nf6 {[%emt 0:00:01]} 48. Rb8 {[%emt 0:00:11]} Rh7+ {[%emt 0:00:02]} 49. Kg2 {[%emt 0:00:08]} Be6 {[%emt 0:00:25]} 50. b5 {[%emt 0:00:35]} axb5 {[%emt 0:00:04]} 51. cxb5 {[%emt 0:00:02]} Bd5 {[%emt 0:00:03]} 52. bxc6 {[%emt 0:00:13]} bxc6 {[%emt 0:00:03]} 53. Bxd5 {[%emt 0:01:25]} Nxd5 {[%emt 0:00:02]} 54. Rc8 {[%emt 0:00:19]} Nxe3+ {[%emt 0:00:05]} 55. Kf3 {[%emt 0:00:03]} Nd5 {[%emt 0:00:24]} 56. Rxc6 {[%emt 0:00:06]} Rh3+ {[%emt 0:00:08]} 57. Kf2 {[%emt 0:00:09]} Ra3 {[%emt 0:00:02]} 58. Rc5 {[%emt 0:00:06]} Nf4 {[%emt 0:00:03]} 59. Rb5 {[%emt 0:00:12]} Kg4 {[%emt 0:00:02]} 60. Rb8 {[%emt 0:00:13]} Rxa5 {[%emt 0:00:07]} 61. Rg8+ {[%emt 0:00:03]} Kh4 {[%emt 0:00:15]} 62. Kf3 {[%emt 0:00:04]} Nh5 {[%emt 0:00:07]} 63. Rf8 {[%emt 0:00:15]} Ra3+ {[%emt 0:00:03]} 64. Kf2 {[%emt 0:00:03]} f4 {[%emt 0:00:02]} 65. Rg8 {[%emt 0:00:10]} Kh3 {[%emt 0:00:08]} 66. Rh8 {[%emt 0:00:13]} Kg4 {[%emt 0:00:17]} 67. Rg8+ {[%emt 0:00:12]} Kf5 {[%emt 0:00:02]} 68. Rf8+ {[%emt 0:00:03]} Nf6 {[%emt 0:00:01]} 69. Rf7 {[%emt 0:00:13]} f3 {[%emt 0:00:13]} 70. Rb7 {[%emt 0:00:34]} Kf4 {[%emt 0:00:15]} 71. Rf7 {[%emt 0:00:06]} Ra2+ {[%emt 0:00:10]} 72. Kf1 {[%emt 0:00:05]} Ke5 {[%emt 0:00:07]} 73. Re7+ {[%emt 0:00:07]} Kf5 {[%emt 0:00:07]} 74. Rf7 {[%emt 0:00:08]} Kg6 {[%emt 0:00:02]} 75. Re7 {[%emt 0:00:07]} Kg5 {[%emt 0:00:05]} 76. Rg7+ {[%emt 0:00:05]} Kf5 {[%emt 0:00:05]} 77. Rf7 {[%emt 0:00:01]} Ke6 {[%emt 0:00:05]} 78. Rg7 {[%emt 0:00:17]} Kd5 {[%emt 0:00:42]} 79. Rf7 {[%emt 0:00:05]} Ke5 {[%emt 0:00:02]} 80. Rf8 {[%emt 0:00:10]} Rb2 {[%emt 0:00:14]} 81. Rf7 {[%emt 0:00:04]} Ra2 {[%emt 0:00:09]} 82. Re7+ {[%emt 0:00:06]} Kd4 {[%emt 0:00:06]} 83. Rf7 {[%emt 0:00:03]} Ke3 {[%emt 0:00:07]} 84. Kg1 {[%emt 0:00:42]} f2+ {[%emt 0:00:19]} 85. Kg2 {[%emt 0:00:05]} Ne4 {[%emt 0:01:01]} 86. Rf3+ {[%emt 0:00:23]} Ke2 {[%emt 0:00:15]} 87. Rf4 {[%emt 0:00:11]} Ke3 {[%emt 0:00:34]} 88. Rf3+ {[%emt 0:00:10]} Kd4 {[%emt 0:00:07]} 89. Rf4 {[%emt 0:00:17]} Ke5 {[%emt 0:00:02]} 90. Rf8 {[%emt 0:00:11]} Re2 {[%emt 0:00:09]} 91. Re8+ {[%emt 0:00:15]} Kd4 {[%emt 0:00:02]} 92. Rd8+ {[%emt 0:00:09]} Ke3 {[%emt 0:00:02]} 93. Rf8 {[%emt 0:00:07]} Re1 {[%emt 0:00:06]} 94. Rf3+ {[%emt 0:00:01]} Kd4 {[%emt 0:00:15]} 95. Rf4 {[%emt 0:00:06]} Ke5 {[%emt 0:00:04]} 96. Rf8 {[%emt 0:00:08]} Rg1+ {[%emt 0:00:15]} 97. Kh2 {[%emt 0:00:22]} f1=Q {[%emt 0:00:04]} 98. Re8+ {[%emt 0:00:05]} Kd4 {[%emt 0:00:02]} 99. Rxe4+ {[%emt 0:00:04]} Kd3 {[%emt 0:00:15]} 100. Re3+ {[%emt 0:00:06]} Kd2 {[%emt 0:00:05]} 101. Rd3+ {[%emt 0:00:05]} Qxd3 {[%emt 0:00:04]} 0-1

[Event "African Games Rapid Open 2019"]
[Site "Casablanca"]
[Date "2019.08.26"]
[Round "2.20"]
[White "Koualet-Bebondi, Vianney Archeveq"]
[Black "Yahi, Mohamed Salem"]
[Result "1/2-1/2"]
[WhiteElo "1679"]
[BlackElo "1928"]
[Annotator "NA"]
[PlyCount "73"]
[EventDate "2019.08.26"]
[EventType "team-tourn"]
[EventCountry "MAR"]
[SourceTitle "playchess.com"]
[Source "ChessBase"]
[SourceQuality "1"]
[TimeControl "900+10"]

1. e4 {[%emt 0:00:00]} d6 {[%emt 0:00:00]} 2. Be2 {[%emt 0:00:00]} Nf6 {[%emt 0:00:00]} 3. d3 {[%emt 0:00:04]} g6 {[%emt 0:00:09]} 4. Nf3 {[%emt 0:00:01]} Bg7 {[%emt 0:00:05]} 5. O-O {[%emt 0:00:04]} O-O {[%emt 0:00:12]} 6. c3 {[%emt 0:00:01]} e5 {[%emt 0:00:13]} 7. Bg5 {[%emt 0:00:12]} h6 {[%emt 0:00:52]} 8. Bxf6 {[%emt 0:00:02]} Qxf6 {[%emt 0:00:14]} 9. d4 Bg4 {[%emt 0:00:25]} 10. dxe5 {[%emt 0:00:23]} dxe5 {[%emt 0:00:08]} 11. h3 {[%emt 0:00:03]} Bxf3 {[%emt 0:00:05]} 12. Bxf3 {[%emt 0:00:02]} Nc6 {[%emt 0:00:07]} 13. Qc2 {[%emt 0:00:22]} Rad8 {[%emt 0:00:09]} 14. Na3 {[%emt 0:00:13]} a6 {[%emt 0:00:11]} 15. Be2 {[%emt 0:00:37]} Qg5 {[%emt 0:01:22]} 16. Nc4 {[%emt 0:00:22]} b5 {[%emt 0:00:09]} 17. Ne3 {[%emt 0:00:11]} Ne7 {[%emt 0:00:42]} 18. Rad1 {[%emt 0:00:09]} f5 {[%emt 0:00:41]} 19. Rxd8 {[%emt 0:00:05]} Rxd8 {[%emt 0:00:02]} 20. exf5 {[%emt 0:00:11]} gxf5 {[%emt 0:00:16]} 21. Rd1 {[%emt 0:00:36]} Rd6 {[%emt 0:00:47]} 22. Rxd6 {[%emt 0:01:00]} cxd6 {[%emt 0:00:02]} 23. Qb3+ {[%emt 0:00:06]} Kh8 {[%emt 0:00:20]} 24. Qa3 {[%emt 0:00:27]} f4 {[%emt 0:00:14]} 25. Nf1 {[%emt 0:00:55]} e4 {[%emt 0:00:26]} 26. f3 {[%emt 0:00:19]} exf3 {[%emt 0:00:11]} 27. Bxf3 {[%emt 0:00:06]} Qc5+ {[%emt 0:00:12]} 28. Qxc5 {[%emt 0:00:09]} dxc5 {[%emt 0:00:01]} 29. Bb7 {[%emt 0:00:03]} a5 {[%emt 0:00:12]} 30. Nd2 {[%emt 0:00:12]} b4 {[%emt 0:00:04]} 31. Ne4 {[%emt 0:00:25]} c4 {[%emt 0:00:16]} 32. Ba6 {[%emt 0:00:15]} bxc3 {[%emt 0:00:35]} 33. bxc3 {[%emt 0:00:09]} Nd5 {[%emt 0:00:06]} 34. Bxc4 {[%emt 0:00:07]} Nxc3 {[%emt 0:00:05]} 35. Nxc3 {[%emt 0:01:07]} Bxc3 {[%emt 0:00:03]} 36. Kf2 {[%emt 0:00:01]} Kg7 {[%emt 0:00:04]} 37. h4 {[%emt 0:00:40]} 1/2-1/2

[Event "African Games Rapid Open 2019"]
[Site "Casablanca"]
[Date "2019.08.26"]
[Round "3.1"]
[White "Adly, Ahmed"]
[Black "Bellahcene, Bilel"]
[Result "1-0"]
[WhiteElo "2636"]
[BlackElo "2550"]
[Annotator "TA"]
[PlyCount "97"]
[EventDate "2019.08.26"]
[EventType "team-tourn"]
[EventCountry "MAR"]
[SourceTitle "playchess.com"]
[Source "ChessBase"]
[SourceQuality "1"]

{[%evp 9,97,13,11,0,0,0,0,0,20,0,35,7,95,89,101,94,90,58,108,54,110,93,108,36,36,36,36,36,36,36,44,46,54,36,55,35,37,37,47,32,32,32,41,32,40,32,32,22,46,31,46,10,46,21,35,0,11,14,6,0,0,0,6,0,0,0,0,0,8,0,0,0,13,0,0,0,10,10,110,0,0,19,883,867,818,712,931,908,29988,29989]} 1. d4 Nf6 2. Nf3 e6 3. g3 d5 4. Bg2 b5 5. a4 b4 6. c4 {A46: 1 d4 Nf6 2 Nf3 e6: Torre, London and Colle Systems} bxc3 7. Nxc3 Bb4 8. O-O {The position is equal.} O-O 9. Qc2 $146 ({Predecessor:} 9. Bf4 a5 10. Rc1 c6 11. Ne5 Ba6 12. Na2 Bd6 {1-0 (37) Kovchan,A (2575)-Korobov,A (2698) Kiev 2018}) 9... Nbd7 10. Bf4 Ba6 {[#]} (10... Bb7 $11 {keeps the balance.}) 11. Nb5 $1 $16 Bxb5 12. axb5 Bd6 13. Rfc1 Rb8 14. Qa4 (14. Rxa7 $6 Rxb5 15. Ne5 Nxe5 $11) ({Better is} 14. Ne5 $16) 14... Ne4 {[#]} (14... Bxf4 $14 15. gxf4 Rb7) 15. Ne5 $1 {[%cal Re5c6]} (15. Qxa7 $6 Rxb5 16. Rc2 Bxf4 $11) 15... Bxe5 16. Bxe5 (16. dxe5 $16 h6 17. Bxe4 (17. Qxa7 Rxb5 18. Rxc7 Nb6 $16) 17... dxe4 18. Qxe4) 16... Nd6 $14 17. Bxd6 cxd6 18. Rc6 Rb7 19. e3 Qb8 20. Bf1 Nb6 21. Qc2 Rd8 22. b3 g6 23. Rc1 Rdd7 24. h4 h5 25. Bd3 Kg7 26. Qd1 Qd8 27. R1c2 Qe7 28. Qc1 Qd8 29. R2c3 Qe7 30. Qc2 Qd8 31. Kf1 Qe7 32. Ke1 e5 33. dxe5 Qxe5 34. Kf1 d4 35. exd4 Qxd4 36. Be2 Nd5 {[%cal Bb6d5,Bd5e7,Be7f5][%mdl 32]} 37. Rd3 Qe5 {...Nb4 is the strong threat.} 38. Qc4 Ne7 39. Re3 Qa1+ 40. Kg2 Nf5 41. Re8 Re7 42. Rcc8 Rxe8 43. Rxe8 {And now Ra8 would win.} Re7 (43... Qd4 $11) 44. Ra8 $40 {[%mdl 128] White is up to no good.} ({White has to play} 44. Rxe7 $16 Nxe7 45. Qc7) 44... Qb2 45. Qc8 {[%csl Ga8][%cal Rc8h8]} Kf6 $2 {[%mdl 8192]} (45... Kh6 $11 46. Bf3 Ne3+ 47. Kh3 Ng4 48. Bxg4 (48. Qf8+ Kh7 $11) 48... hxg4+ 49. Kg2 (49. Kxg4 {is a self mate.} Qe2+ {[%mdl 64] Double Attack} 50. Kh3 Qf1+ 51. Kg4 Re4+ 52. f4 Rxf4+ 53. gxf4 Qg2#) (49. Qxg4 Qxf2 50. Qg5+ Kg7 $11) 49... f5) 46. Qh8+ $18 Ng7 47. Bf3 Kf5 48. Rg8 f6 49. Rxg7 {Accuracy: White = 36%, Black = 34%.} 1-0

[Event "African Games Rapid Open 2019"]
[Site "Casablanca"]
[Date "2019.08.26"]
[Round "3.2"]
[White "Boudriga, Mohamed Ali"]
[Black "Amin, Bassem"]
[Result "0-1"]
[WhiteElo "2325"]
[BlackElo "2692"]
[Annotator "TA"]
[PlyCount "134"]
[EventDate "2019.08.26"]
[EventType "team-tourn"]
[EventCountry "MAR"]
[SourceTitle "playchess.com"]
[Source "ChessBase"]
[SourceQuality "1"]

{[%evp 16,134,-5,0,5,8,12,0,36,0,16,22,19,19,41,0,44,27,31,36,18,27,37,15,54,0,0,-6,-6,-6,-6,-7,14,-11,-10,-23,0,-23,0,0,43,42,36,0,0,-24,0,-27,-24,-26,-26,-26,-14,-32,-31,-32,-32,-32,-31,-43,0,0,0,0,0,-11,0,-17,-17,-17,-17,-18,-24,-56,-8,-8,-8,-8,-8,-8,0,-8,-8,-59,0,-58,-58,-58,-58,-58,-58,-58,-58,-58,-58,-58,-58,-58,-59,-29955,-29958,-29954,-29951,-29959,-29948,-12850,-5422,-5119,-5418,-29968,-29966,-29977,-29980,-29980,-29981,-29984,-29985,-29985,-29986,-29986,-29987]} 1. e4 e5 2. Nf3 Nc6 3. d4 exd4 4. Nxd4 Nf6 5. Nxc6 bxc6 6. Bd3 d5 7. exd5 cxd5 8. O-O Be7 9. c4 d4 {C45: Scotch Game} (9... O-O 10. cxd5 Bb7 11. Bc4 Bxd5 12. Bxd5 Nxd5 13. Nd2 c6 14. Re1 Rb8 15. Ne4 f5 16. Ng3 f4 17. Ne4 f3 18. gxf3 {½-½ (54) Fedoseev,V (2707)-Jakovenko,D (2748) Satka 2018}) 10. Bg5 O-O 11. Nd2 Rb8 {The position is equal.} 12. Rb1 $146 ({Of course not} 12. Bxf6 Bxf6 13. Rb1 Re8 $15) ({Predecessor:} 12. Qc2 h6 13. Bxf6 Bxf6 14. Rab1 g6 15. b4 Bg7 16. a4 Qg5 17. Kh1 {0-1 (39) Castano,S (1582)-Gonzalez Ochoa,Y (2090) Santa Clara 2018}) 12... h6 13. Bxf6 Bxf6 14. b4 Be6 15. a3 a5 (15... c5 $5) 16. b5 Be7 17. Nb3 Bxa3 18. Nxa5 {next Nc6 is good for White.} Qg5 19. Qf3 Bc5 20. Nc6 (20. Rfe1 $14) 20... Rbe8 $11 21. Qg3 $132 {[%mdl 2048] White has counterplay} Qxg3 22. hxg3 Ra8 23. Ra1 f6 24. Rfe1 {aiming for Rxa8.} Kf7 25. Reb1 Rfe8 26. Kf1 Bd7 27. Na5 Re7 28. Nb3 Rxa1 29. Nxa1 (29. Rxa1 {is more complex.} Bb4 30. Rd1 Bc3 31. Be2 Be6 32. Nxd4 Rd7 33. Bh5+) 29... Ba7 30. Re1 c6 31. Rxe7+ (31. Bg6+ {is interesting.} Kf8 32. bxc6 Bxc6 33. Nc2 Ba4 34. Ra1) 31... Kxe7 {[%mdl 4096] Endgame KBB-KBN} 32. Nb3 cxb5 33. cxb5 Kd6 34. Ke2 Be6 35. Nd2 Kc5 36. Ne4+ Kd5 37. Nd2 Bg4+ 38. f3 Bd7 39. g4 Bb8 40. Be4+ Kd6 41. Bc6 (41. b6 {with more complications.} Bb5+ 42. Ke1 Kc5 43. Nb3+ Kc4 44. Nc1) 41... Bxc6 42. bxc6 Kxc6 {KB-KN} 43. Kd3 Kd5 44. Nb3 Ba7 45. Nc1 Ke5 46. Ne2 f5 47. gxf5 Kxf5 48. Kc4 h5 49. Kd3 (49. g3 $11) 49... g5 (49... h4 $15) 50. Kc4 ({White should play} 50. Ng3+ $1 $11 Kg6 51. Ne2) 50... Ke5 $15 51. Kd3 h4 52. Kc4 Bb6 53. Kd3 Kd5 54. Ng1 $1 Bc7 {And now ...Bf4 would win.} 55. Nh3 Bf4 {Threatens to win with ...Be3.} 56. Nf2 Be3 57. Nd1 $2 {[%mdl 8192]} (57. Ng4 $15) 57... Bg1 $1 58. Nb2 Ke5 $1 {[%cal Re5f4]} 59. Ke2 {[#]} Kf4 $1 {[%cal Rf4g3]} 60. Nd3+ {[#]} Kg3 $1 {[%cal Rg3g2]} 61. Kf1 Be3 62. Nc5 h3 {[%mdl 64] Overworked Piece. Black mates.} 63. gxh3 Kxf3 64. Nd3 Kg3 65. Ke2 Kxh3 66. Ne5 g4 67. Nd3 g3 {Accuracy: White = 45%, Black = 61%.} 0-1

[Event "African Games Rapid Open 2019"]
[Site "Casablanca"]
[Date "2019.08.26"]
[Round "3.3"]
[White "Hamdouchi, Hicham"]
[Black "Ssegwanyi, Arthur"]
[Result "0-1"]
[WhiteElo "2562"]
[BlackElo "2335"]
[Annotator "ChessBase"]
[PlyCount "72"]
[EventDate "2019.08.26"]
[EventType "team-tourn"]
[EventCountry "MAR"]
[SourceTitle "playchess.com"]
[Source "ChessBase"]
[SourceQuality "1"]
[TimeControl "900+10"]

1. e4 {[%emt 0:00:00]} e5 {[%emt 0:00:00]} 2. Nf3 {[%emt 0:00:00]} Nc6 {[%emt 0:00:00]} 3. Bb5 {[%emt 0:00:00]} Nge7 {[%emt 0:00:00]} 4. O-O {[%emt 0:00:20]} g6 {[%emt 0:00:00]} 5. c3 {[%emt 0:00:43]} Bg7 {[%emt 0:00:26]} 6. d4 {[%emt 0:00:02]} exd4 {[%emt 0:00:02]} 7. cxd4 {[%emt 0:00:03]} a6 {[%emt 0:00:04]} 8. Bc4 {[%emt 0:00:07]} b5 {[%emt 0:00:58]} 9. Bb3 {[%emt 0:00:12]} d6 {[%emt 0:00:21]} 10. d5 {[%emt 0:00:57]} Na5 {[%emt 0:00:07]} 11. Bd2 {[%emt 0:00:46]} Nxb3 {[%emt 0:01:48]} 12. axb3 {[%emt 0:01:46]} O-O {[%emt 0:02:13]} 13. Bc3 {[%emt 0:00:11]} c5 {[%emt 0:00:05]} 14. dxc6 {[%emt 0:00:24]} Nxc6 {[%emt 0:00:07]} 15. Bxg7 {[%emt 0:00:42]} Kxg7 {[%emt 0:00:02]} 16. Nc3 {[%emt 0:00:02]} Ne5 {[%emt 0:00:57]} 17. Nd4 {[%emt 0:01:24]} Bb7 {[%emt 0:00:33]} 18. f4 {[%emt 0:00:16]} Qb6 {[%emt 0:00:43]} 19. Kh1 {[%emt 0:00:04]} Nd7 {[%emt 0:00:35]} 20. Qd2 {[%emt 0:02:37]} Rad8 {[%emt 0:01:46]} 21. Qf2 {[%emt 0:00:57]} Kg8 {[%emt 0:00:21]} 22. f5 {[%emt 0:01:00]} Nc5 {[%emt 0:00:51]} 23. f6 {[%emt 0:00:54]} Ne6 {[%emt 0:02:12]} 24. Rad1 {[%emt 0:00:10]} Qc5 {[%emt 0:00:59]} 25. Nd5 {[%emt 0:01:34]} Bxd5 {[%emt 0:00:48]} 26. exd5 {[%emt 0:00:02]} Qxd5 {[%emt 0:00:40]} 27. Nxe6 {[%emt 0:00:36]} Qxe6 {[%emt 0:00:02]} 28. Qf4 {[%emt 0:00:02]} Kh8 {[%emt 0:00:22]} 29. Rde1 {[%emt 0:03:11]} Qd5 {[%emt 0:01:15]} 30. Qh6 {[%emt 0:00:05]} Rg8 {[%emt 0:00:06]} 31. Re7 {[%emt 0:00:40]} g5 {[%emt 0:00:27]} 32. Rfe1 {[%emt 0:00:04]} Qxb3 {[%emt 0:00:06]} 33. h3 {[%emt 0:00:16]} g4 {[%emt 0:00:29]} 34. Re8 {[%emt 0:00:11]} Rdxe8 {[%emt 0:00:07]} 35. Rxe8 {[%emt 0:00:01]} Qd1+ {[%emt 0:00:02]} 36. Kh2 g3# 0-1

[Event "African Games Rapid Open 2019"]
[Site "Casablanca"]
[Date "2019.08.26"]
[Round "3.4"]
[White "Kayonde, Andrew"]
[Black "Tissir, Mohamed"]
[Result "1-0"]
[WhiteElo "2384"]
[BlackElo "2379"]
[Annotator "NA"]
[PlyCount "63"]
[EventDate "2019.08.26"]
[EventType "team-tourn"]
[EventCountry "MAR"]
[SourceTitle "playchess.com"]
[Source "ChessBase"]
[SourceQuality "1"]
[TimeControl "900+10"]

1. d4 {[%emt 0:00:00]} d6 {[%emt 0:00:00]} 2. e4 {[%emt 0:00:43]} g6 {[%emt 0:00:03]} 3. Nc3 {[%emt 0:00:20]} Bg7 {[%emt 0:00:02]} 4. Be3 Nd7 5. f4 {[%emt 0:01:08]} a6 {[%emt 0:00:06]} 6. Nf3 {[%emt 0:00:11]} b5 {[%emt 0:00:09]} 7. Bd3 {[%emt 0:01:03]} Bb7 {[%emt 0:00:02]} 8. e5 {[%emt 0:00:13]} c5 {[%emt 0:01:45]} 9. Be4 {[%emt 0:01:56]} Bxe4 {[%emt 0:01:55]} 10. Nxe4 {[%emt 0:00:01]} cxd4 {[%emt 0:00:01]} 11. Bxd4 {[%emt 0:00:11]} dxe5 {[%emt 0:00:05]} 12. fxe5 {[%emt 0:00:02]} Nh6 {[%emt 0:02:40]} 13. e6 {[%emt 0:01:01]} Nf6 {[%emt 0:00:02]} 14. Neg5 {[%emt 0:00:12]} Qd5 {[%emt 0:01:27]} 15. Qe2 {[%emt 0:01:33]} O-O {[%emt 0:00:38]} 16. exf7+ {[%emt 0:00:15]} Nxf7 {[%emt 0:00:01]} 17. Ne6 {[%emt 0:00:04]} Rfc8 {[%emt 0:00:25]} 18. Nxg7 {[%emt 0:00:15]} Kxg7 {[%emt 0:00:05]} 19. O-O {[%emt 0:00:04]} Rc7 {[%emt 0:00:06]} 20. c3 {[%emt 0:00:18]} Kg8 {[%emt 0:00:55]} 21. a4 {[%emt 0:00:26]} Qc4 {[%emt 0:00:48]} 22. Rfe1 {[%emt 0:00:09]} Rac8 {[%emt 0:01:55]} 23. axb5 {[%emt 0:00:33]} axb5 {[%emt 0:00:08]} 24. Qf2 {[%emt 0:00:45]} b4 {[%emt 0:01:59]} 25. Qh4 {[%emt 0:00:06]} bxc3 {[%emt 0:00:02]} 26. bxc3 {[%emt 0:00:01]} Qc6 {[%emt 0:00:45]} 27. Rab1 {[%emt 0:00:31]} Nd5 {[%emt 0:00:51]} 28. Ne5 {[%emt 0:01:05]} Nxe5 {[%emt 0:00:05]} 29. Rxe5 {[%emt 0:00:02]} Rf8 {[%emt 0:01:05]} 30. Rbe1 {[%emt 0:01:46]} Rf7 {[%emt 0:01:08]} 31. Re6 {[%emt 0:00:12]} Rf4 {[%emt 0:00:28]} 32. Qh6 {[%emt 0:00:24]} 1-0